Konkurenceschopnost vysokých škol v kontextu regionálního rozvoje

Vysoké školy v regionálnom rozvoji. Tri skupiny aktivít, ktorými vysoké školy ovplyvňujú rozvoj regiónu. Vybrané štúdie analyzujúce ekonomický vplyv vysokých škôl na región. Koncept modelu konkurencieschopnej vysokej školy. Vnútorné aspekty konkurencieschopnosti vysokej školy.

Na minha lista:
Detalhes bibliográficos
Autor principal: Turečková, Kamila
Formato: Capítulo de Livro
Idioma:tcheco
Assuntos:
Tags: Adicionar Tag
Sem tags, seja o primeiro a adicionar uma tag!

MARC

LEADER 00000nla a2200000 4500
001 0230324
005 20240417075117.3
041 0 |a cze 
044 |a SK 
245 1 0 |a Konkurenceschopnost vysokých škol v kontextu regionálního rozvoje  |c Kamila Turečková 
520 |a Vysoké školy v regionálnom rozvoji. Tri skupiny aktivít, ktorými vysoké školy ovplyvňujú rozvoj regiónu. Vybrané štúdie analyzujúce ekonomický vplyv vysokých škôl na región. Koncept modelu konkurencieschopnej vysokej školy. Vnútorné aspekty konkurencieschopnosti vysokej školy. 
610 2 0 |a školy vysoké 
610 2 0 |a univerzity 
610 2 0 |a konkurencieschopnosť 
610 2 0 |a vzdelávanie vysokoškolské 
610 2 0 |a veda 
610 2 0 |a výskum 
610 2 0 |a rozvoj regionálny 
610 2 0 |a regióny 
610 2 0 |a poplatky 
610 2 0 |a financie 
100 1 |a Turečková, Kamila